Country by Assassination - Statistics

General Stats
  • This quiz has been taken 1,315 times
  • The average score is 11 of 16
Answer Stats
Year Assassin Country Victim % Correct
1968 James Earl Ray United States Martin Luther King Jr.
94%
1948 Nathuram Godse India Mahatma Gandhi
93%
44 BC Members of the Senate Italy Julius Caesar
91%
1916 Band of nobles Russia Georgi Rasputin
90%
1914 Gavrilo Princip Bosnia and Herzegovina Franz Ferdinand
89%
1170 Group of people United Kingdom Thomas Becket
75%
1827 Dingane and Mhlangana South Africa Shaka Zulu
71%
1940 Ramón Mercader Mexico Leon Trotsky
68%
1919 Freikorps Germany Rosa Luxemburg
64%
1995 Yigal Amir Israel Yitzhak Rabin
62%
1981 Khalid Islambouli Egypt Anwar Sadat
57%
1923 Group of people Mexico Pancho Villa
56%
1541 Group of people Peru Francisco Pizarro
54%
1986 unknown Sweden Olof Palme
53%
1806 Group of people Haiti Jean-Jacques Dessalines
41%
1961 Group of people Dominican Republic Rafael Trujillo
32%
No matching quizzes found
Score Distribution
Percent of People with Each Score
Percentile by Number Answered
Your Score History
You have not taken this quiz